000 00757cam a2200265 4500
001 16329
010 _a972430079x
021 _b34969/90
090 _a16329
100 _a19900604d1990 cd.y0pory5003 ba
200 1 _aBarcos vikings
_fMargaret Mulvihill
_gil. Tony Smith, Alex Pang
_gtrad. Rui Rocha
_grev. Américo Soares
210 9 _aPorto
_cEdinter,
_d1990
215 _a32 p.
_cmuito il. ;30 cm
225 2 _aFactos importantes da história:
_v3)
606 _9171
_aVikings
675 _a087.5
_vBN
_zpor
675 _a629.121(48)
_vBN
_zpor
675 _a94(8)
_vBN
_zpor
700 1 _aMulvihill,
_bMargaret
702 1 _aSmith,
_bTony
702 1 _aPang,
_bAlex
702 1 _aRocha,
_bRui
702 1 _91
_aSoares,
_bAmérico
801 0 _aPT
_bBN
_gRPC
990 _cLIVROS